Shy Away (Livestream Version) - Twenty One Pilots Lyrics - Statistics

General Stats
  • This quiz has been taken 6 times
  • The average score is 40 of 233
Answer Stats
Lyrics % Correct
I
100%
a
75%
Pre-Chorus And
75%
away
75%
away
75%
shy
75%
shy
75%
Verse 1 When
75%
a
50%
(ah)
50%
(ah)
50%
an
50%
be
50%
behind
50%
bets,
50%
better
50%
ceiling
50%
Chorus Don't
50%
feeling
50%
floor
50%
for
50%
get
50%
home
50%
"I
50%
Is
50%
leave
50%
Manifest
50%
modesty
50%
not
50%
On
50%
only
50%
own
50%
placing
50%
Searching
50%
sh-
50%
Shed
50%
skin
50%
that
50%
the
50%
the
50%
there
50%
thing
50%
to
50%
when
50%
won't
50%
You
50%
you
50%
you
50%
you
50%
your
50%
your
50%
a
25%
a
25%
a
25%
(ah)
25%
an
25%
And
25%
away
25%
away
25%
away!
25%
away
25%
away
25%
barely
25%
Don't
25%
get
25%
he
25%
heard
25%
home
25%
"I
25%
I
25%
"I
25%
"I
25%
isn't
25%
Just
25%
like
25%
Like
25%
love
25%
never
25%
(ooh,
25%
ooh)
25%
recognize
25%
shy
25%
shy
25%
shy
25%
Chorus Shy
25%
shy
25%
song
25%
That
25%
That's
25%
the
25%
We're
25%
Verse 2 When
25%
words
25%
wrote
25%
you"
25%
you
25%
you
25%
You
25%
a
0%
a
0%
(ah)
0%
(ah)
0%
(ah,
0%
ah,
0%
ah)
0%
(ah)
0%
(ah)
0%
(ah,
0%
ah)
0%
(ah)
0%
an
0%
Outro An
0%
And
0%
be
0%
better
0%
Boy,
0%
break
0%
'Cause
0%
ceiling
0%
circle
0%
circle
0%
cycle
0%
Pre-Chorus Don't
0%
Chorus Don't
0%
Pre-Chorus Don't
0%
Scream Don't
0%
Don't
0%
feeling
0%
feeling
0%
floor
0%
floor
0%
for
0%
for
0%
frame
0%
get
0%
gone
0%
half
0%
have
0%
he
0%
he
0%
he
0%
heard
0%
heard
0%
heard
0%
heard
0%
home
0%
in
0%
in
0%
isn't
0%
isn't
0%
isn't
0%
It's
0%
Just
0%
just
0%
Just
0%
leave
0%
leave
0%
like
0%
Like
0%
like
0%
Like
0%
Like
0%
long
0%
love
0%
love
0%
love
0%
Manifest
0%
modesty
0%
modesty
0%
never
0%
never
0%
never
0%
never
0%
not
0%
on
0%
on
0%
(ooh,
0%
ooh)
0%
(ooh,
0%
ooh)
0%
pcitures
0%
put
0%
Searching
0%
Searching
0%
shed
0%
Shed
0%
skin
0%
skin
0%
song
0%
song
0%
song
0%
take
0%
that
0%
That
0%
that
0%
That
0%
That
0%
That's
0%
That's
0%
That's
0%
the
0%
the
0%
the
0%
the
0%
the
0%
there
0%
They
0%
track,
0%
track,
0%
what
0%
when
0%
Verse 3 When
0%
words
0%
words
0%
words
0%
wrote
0%
wrote
0%
wrote
0%
you
0%
you
0%
you
0%
you
0%
you"
0%
you
0%
you
0%
you"
0%
you"
0%
you
0%
your
0%
your
0%
your
0%
your
0%
You're
0%
No matching quizzes found
Score Distribution
Percent of People with Each Score
Percentile by Number Answered
Your Score History
You have not taken this quiz